| 000 | 02695cam a22006854i 4500 | ||
|---|---|---|---|
| 003 | PE-LiUPU | ||
| 005 | 20250731170408.0 | ||
| 008 | 960126s1995 sp a rb 000 0 spa | ||
| 020 | _a8448117220 | ||
| 020 | _a9788448117221 | ||
| 035 | _a(Sirsi) i9788448117221 | ||
| 040 |
_aPE-LiUPU _bspa _cPE-LiUPU _erda |
||
| 049 | _aPRUA | ||
| 080 | 0 | _a159.95(076.5) | |
| 082 | 0 | 4 |
_a153.4 _bF38 |
| 100 | 1 |
_aFernández Berrocal, Pablo, _eautor. |
|
| 245 | 1 | 0 |
_aPrácticas de psicología cognitiva : _bpensar / _cPablo Fernández Berrocal, Julián Almaraz Carretero, Almudena Giménez de la Peña. |
| 264 | 1 |
_aMadrid : _bMcGraw-Hill, Interamericana de España, _c[1995]. |
|
| 300 |
_avii, 55 páginas : _bilustraciones ; _c24 centímetros |
||
| 336 |
_atext _2rdacontent |
||
| 337 |
_aunmediated _2rdamedia |
||
| 338 |
_avolume _2rdacarrier |
||
| 504 | _aIncluye referencias bibliográficas. | ||
| 505 | 0 | _aPeter Wason y la tarea de selección -- La falacia de la conjunción y otras historias. | |
| 526 | _aSEG68 | ||
| 526 | _aSEG70 | ||
| 526 | _aSEG69 | ||
| 526 | _aSEG67 | ||
| 526 | _aSEG43 | ||
| 526 | _aP144 | ||
| 526 | _aP143 | ||
| 526 | _aP131 | ||
| 526 | _aP122 | ||
| 526 | _aP120 | ||
| 526 | _aP117 | ||
| 526 | _aP112 | ||
| 526 | _aP110 | ||
| 526 | _aP106 | ||
| 526 | _aP101 | ||
| 526 | _aP80 | ||
| 526 | _aP59 | ||
| 526 | _aP54 | ||
| 526 | _aP35 | ||
| 526 | _aP33 | ||
| 526 | _aP30 | ||
| 650 | 7 |
_aPsicología cognitiva. _2embne |
|
| 700 | 1 |
_aAlmaraz, Julián, _eautor. |
|
| 700 | 1 |
_aGiménez de la Peña, Almudena, _eautor. |
|
| 910 | _ajck | ||
| 942 |
_2ddc _cBOOK |
||
| 949 |
_a153.4 F38 _wDEWEY _c1 _i70475 _lCCODEBUL1 _mBUL _p39.00 _r0 _sY _tBOOK _u2015-7-6 _xSALUD _PP33 _0COMPRA _o.STAFF. Colección General |
||
| 949 |
_a153.4 F38 _wDEWEY _c2 _i70476 _lCCODEBUL1 _mBUL _p39.00 _r0 _sY _tBOOK _u2015-7-6 _xSALUD _PP33 _0COMPRA _o.STAFF. Colección General |
||
| 949 |
_a153.4 F38 _wDEWEY _c3 _i70477 _lCCODEBUL1 _mBUL _p39.00 _r0 _sY _tBOOK _u2015-7-6 _xSALUD _PP33 _0COMPRA _o.STAFF. Colección General |
||
| 994 |
_aC0 _bPEPRU |
||
| 596 | _a1 | ||
| 999 |
_a153.4 F38 _wDEWEY _c6382 _i70475 _d6382 _e2018-4-27 _f2021-11-3 _g5 _lCCODEBUL1 _mBUL _n2 _p39.00 _q4 _r0 _sY _tBOOK _u2015-7-6 _xSALUD _PP33 _0COMPRA _o.STAFF. Colección General |
||
| 999 |
_a153.4 F38 _wDEWEY _c2 _i70476 _d2018-5-3 _f2021-11-3 _g5 _lCCODEBUL1 _mBUL _p39.00 _q1 _r0 _sY _tBOOK _u2015-7-6 _xSALUD _PP33 _0COMPRA _o.STAFF. Colección General |
||
| 999 |
_a153.4 F38 _wDEWEY _c3 _i70477 _d2018-5-3 _f2021-11-3 _g6 _lCCODEBUL1 _mBUL _p39.00 _q1 _r0 _sY _tBOOK _u2015-7-6 _xSALUD _PP33 _0COMPRA _o.STAFF. Colección General |
||
| 980 |
_81 _gALBERTO SANCHEZ Responsable de Automatización |
||